000 00279nam a22001217a 4500
008 170405b xxu||||| |||| 00| 0 eng d
041 _aeng
080 _25 ED
_a574
100 _a9
101 _aSHM
245 _aMEDICAL ANTHROPOLOGY IN ECOLOGY
_cTOWNSEND.P.K
942 _2udc
_cBK
999 _c9891
_d9891